| 000 | 00450 a2200145 4500 | ||
|---|---|---|---|
| 020 | _a8131708756 | ||
| 040 |
_aDLC _bDLC |
||
| 100 | 1 | _aMark, Jon W. | |
| 245 | 1 | 0 |
_aWireless communications and networking _cJon W. Mark and Weihua Zhuang. |
| 260 |
_aUpper Saddle River, N.J. : _bPrentice Hall, _cc2003. |
||
| 300 |
_axii, 356 p. : _bill. ; _c25 cm. |
||
| 650 | 0 | _aWireless communication systems. | |
| 700 | 1 | _aZhuang, Weihua. | |
| 942 |
_cBK _k621.3981 MAR _2ddc |
||
| 999 |
_c4684 _d4684 |
||